00402nam a2200145Ia 4500003000400000005001700004008004100021040000900062082002000071100002900091245007700120260003700197300000900234650001300243OSt20201208104840.0190216s9999||||xx |||||||||||||| ||und|| coclc a894.8124bGAN/K aGangadharan, Thikkurishi 0aKerala Varmayude Thiranjedutha Gadyakrithikal /cThikkurishi Gangadharan bNational Book Stall, aKottayam: a164p aLekhanam